La città e l'isola Omosessuali al confino nell'Italia fascista

Uloženo v:
Podrobná bibliografie
Další autoři: Giartosio, Tommaso, Goretti, Gianfranco
Médium: Kniha
Jazyk:angličtina
Tagy: Přidat tag
Žádné tagy, Buďte první, kdo vytvoří štítek k tomuto záznamu!

MARC

LEADER 00000nam a2200000 4500
001 CDOM0000005813
003 mi
005 20250719132823.0
008 250719b |||||||| |||| 00| 0 eng d
040 |c mi 
245 1 |a La città e l'isola   |b Omosessuali al confino nell'Italia fascista 
700 |a Giartosio, Tommaso 
700 |a Goretti, Gianfranco 
942 |2 ddc  |c BK 
952 |0 0  |1 0  |2 ddc  |4 0  |7 0  |9 9242  |a MI  |b MI  |d 2017-10-08  |i 6708  |l 0  |p CDOM6708  |r 2025-07-17 21:50:00  |w 2025-07-17  |y BK 
999 |c 7706  |d 7706